Vista normal Vista MARC

Entrada Materia (personas)

Número de registros utilizados en: 1

001 - CONTROL NUMBER

  • control field: 94126

003 - CONTROL NUMBER IDENTIFIER

  • control field: Co-BoUCM

005 - DATE AND TIME OF LATEST TRANSACTION

  • control field: 20181024141416.0

008 - FIXED-LENGTH DATA ELEMENTS

  • fixed length control field: 181024|| aca||aabn | a|a d

040 ## - CATALOGING SOURCE

  • Original cataloging agency: Co-BoUCM
  • Transcribing agency: Co-BoUCM

100 ## - HEADING--PERSONAL NAME

  • Personal name: Caplan, Bryan
  • Dates associated with a name: 2007

670 ## - SOURCE DATA FOUND

  • Source citation: Work cat.: (Co-BoUCM)310761: Caplan, Bryan 2007, The Myth of the Rational Voter: Why Democracies Choose Bad Policies - New Edition, 2008